LDR 01158naa#a2200193#i#450# 001 RU\\bibl\119441 005 20260701062713.3 011 ## _a2500-4026 100 ## _a20170630b2017####ek#y0rusy0150####ca 101 0# _aRUS 102 ## _aRU 200 1# _aСОЦИОЛОГИЧЕСКИЙ МОНИТОРИНГ КАК СРЕДСТВО УПРАВЛЕНИЯ КАЧЕСТВОМ УЧЕБНОГО ПРОЦЕССА В ОБРАЗОВАТЕЛЬНЫХ ОРГАНИЗАЦИЯХ ВЫСШЕГО ОБРАЗОВАНИЯ МЧС РОССИИ _eЖурнальная статья 210 1# _aЖелезногорск _cФГБОУ ВО Сибирская пожарно-спасательная академия ГПС МЧС России _d2017 215 ## _a6 с. 608 ## _aЖурнальная статья _2local 675 ## _aСоциальная структура. Общество как социальная система.Личности и персональные характеристики могут быть обозначены через -05 (табл.Ik). 316.3 _zRUS 700 #1 _aСавочкин _gД В 700 #1 _aТруфанов _gД О 856 4# _aapbt-sibpsa.editorum.ru _u